00338nam a2200109Ia 4500008004100000082000800041100001400049245004900063942000600112952009500118999001500213240331s9999 xx 000 0 und d bILA aPerera,S  0aIlangaich samugathayum panpatayum wasitthal  cL 001040708LaWERCLbWERCLcSSCd2024-03-31l0o 323 ILAp6232r2024-03-31w2024-03-31yL c5631d5631